Stacje i przystanki osobowe obsługiwane przez Arrivę - Statystyki

Ogólne statystyki
  • Ten quiz został rozwiązany 38 razy
    37 od ostatniego zresetowania
  • Średni wynik to 47 z 120
Statystyki odpowiedzi
Województwo Inne Stacja % Poprawnych
kujawsko-pomorskie Bydgoszcz Fordon
100%
kujawsko-pomorskie Bydgoszcz Główna
100%
kujawsko-pomorskie Bydgoszcz Leśna
100%
kujawsko-pomorskie Bydgoszcz Wschód
100%
pomorskie Szlachta
100%
kujawsko-pomorskie Wierzchucin
100%
kujawsko-pomorskie Bydgoszcz Bielawy
80%
kujawsko-pomorskie Bydgoszcz Brdyujście
80%
kujawsko-pomorskie Chełmża
80%
pomorskie Chojnice
80%
pomorskie Czersk
80%
kujawsko-pomorskie Grudziądz
80%
kujawsko-pomorskie Grudziądz Śródmieście
80%
kujawsko-pomorskie Jabłonowo Pomorskie
80%
kujawsko-pomorskie Laskowice Pomorskie
80%
kujawsko-pomorskie Ostromecko
80%
kujawsko-pomorskie Skępe
80%
kujawsko-pomorskie Toruń Główny
80%
kujawsko-pomorskie Toruń Miasto
80%
kujawsko-pomorskie Toruń Wschodni
80%
kujawsko-pomorskie Tuchola
80%
kujawsko-pomorskie Brodnica
60%
kujawsko-pomorskie Bydgoszcz Politechnika
60%
kujawsko-pomorskie Dolna Grupa
60%
pomorskie sezonowo Gdańsk Główny
60%
pomorskie sezonowo Gdańsk Oliwa
60%
pomorskie sezonowo Gdańsk Wrzeszcz
60%
pomorskie sezonowo Gdynia Główna
60%
kujawsko-pomorskie Grudziądz Rządz
60%
kujawsko-pomorskie Grupa
60%
pomorskie sezonowo Hel
60%
pomorskie sezonowo Jastarnia
60%
kujawsko-pomorskie Kotomierz
60%
pomorskie sezonowo Kuźnica (Hel)
60%
kujawsko-pomorskie Maksymilianowo
60%
kujawsko-pomorskie Parlin
60%
pomorskie sezonowo Pruszcz Gdański
60%
kujawsko-pomorskie Pruszcz Pomorski
60%
pomorskie sezonowo Sopot
60%
pomorskie sezonowo Tczew
60%
kujawsko-pomorskie Terespol Pomorski
60%
kujawsko-pomorskie Tuchola Rudzki Most
60%
kujawsko-pomorskie Wierzchucin Stary
60%
pomorskie sezonowo Władysławowo
60%
pomorskie sezonowo Władysławowo port
60%
kujawsko-pomorskie Czersk Świecki
40%
kujawsko-pomorskie Dąbrowa Chełmińska
40%
kujawsko-pomorskie Grudziadz Przedmieście
40%
pomorskie sezonowo Jastarnia Wczasy
40%
pomorskie sezonowo Jurata
40%
kujawsko-pomorskie Lipno
40%
kujawsko-pomorskie Lipowa Tucholska
40%
kujawsko-pomorskie Lubicz
40%
kujawsko-pomorskie Mełno
40%
kujawsko-pomorskie Osie
40%
pomorskie sezonowo Pelplin
40%
pomorskie sezonowo Puck
40%
kujawsko-pomorskie Rynkowo Wiadukt
40%
kujawsko-pomorskie Serock
40%
pomorskie sezonowo Smetowo
40%
kujawsko-pomorskie Tleń
40%
kujawsko-pomorskie Wudzyn
40%
kujawsko-pomorskie Żalno
40%
pomorskie Będźmierowice
20%
kujawsko-pomorskie Błądzim
20%
kujawsko-pomorskie Cekcyn
20%
pomorskie sezonowo Chałupy
20%
kujawsko-pomorskie Czermno
20%
kujawsko-pomorskie Czernikowo
20%
kujawsko-pomorskie Dąbrowa Chełmińska Centrum
20%
kujawsko-pomorskie Dobrzejewice
20%
kujawsko-pomorskie Dragacz
20%
kujawsko-pomorskie Dubielno
20%
kujawsko-pomorskie Gorzuchowo Chełmińskie
20%
kujawsko-pomorskie Grębocin
20%
kujawsko-pomorskie Grudziądz Mniszek
20%
kujawsko-pomorskie Grzybno
20%
kujawsko-pomorskie Gzin
20%
kujawsko-pomorskie Jeżewo
20%
kujawsko-pomorskie Karnkowo
20%
kujawsko-pomorskie Konotopie
20%
kujawsko-pomorskie Kornatowo
20%
kujawsko-pomorskie Koziołek
20%
kujawsko-pomorskie Kwiatki
20%
kujawsko-pomorskie Lipienica
20%
kujawsko-pomorskie Lubania-Lipiny
20%
kujawsko-pomorskie Nawra
20%
kujawsko-pomorskie Obrowo
20%
kujawsko-pomorskie Ograszka
20%
kujawsko-pomorskie Ostaszewo Toruńskie
20%
kujawsko-pomorskie Piastoszyn
20%
mazowieckie Podwierzbie
20%
pomorskie Racławki
20%
kujawsko-pomorskie Rosochatka
20%
mazowieckie Sierpc
20%
pomorskie Silno
20%
kujawsko-pomorskie Śliwice
20%
kujawsko-pomorskie Stronno
20%
kujawsko-pomorskie Świekatowo
20%
kujawsko-pomorskie Unisław Pomorski
20%
kujawsko-pomorskie sezonowo Warlubie
20%
kujawsko-pomorskie Wrocławki
20%
kujawsko-pomorskie Boguszewo
0%
kujawsko-pomorskie Bursztynowo
0%
kujawsko-pomorskie Dąbrowy
0%
kujawsko-pomorskie Firlus
0%
kujawsko-pomorskie Głuchowo
0%
kujawsko-pomorskie Grzywna
0%
kujawsko-pomorskie Konojady
0%
kujawsko-pomorskie Laski Tucholskie
0%
kujawsko-pomorskie Łążek
0%
kujawsko-pomorskie Linowo
0%
kujawsko-pomorskie Łysomice
0%
kujawsko-pomorskie Małe Gacno
0%
kujawsko-pomorskie Najmowo
0%
kujawsko-pomorskie Nicwałd
0%
kujawsko-pomorskie Śliwiczki
0%
kujawsko-pomorskie Wałdowo Szlacheckie
0%
kujawsko-pomorskie Zarośle
0%
kujawsko-pomorskie Zielonka Pomorska
0%
Nie znaleziono quizów pasujących do podanych kryteriów
Rozkład punktacji
Procent ludzi z każdym wynikiem
Percentyl według liczby udzielonych odpowiedzi
Twoja historia wyników
Nie rozwiązałeś tego quizu od ostatniego zresetowania